<?xml version="1.0" encoding="UTF-8"?>
<record
    xmlns:xsi="http://www.w3.org/2001/XMLSchema-instance"
    xsi:schemaLocation="http://www.loc.gov/MARC21/slim http://www.loc.gov/standards/marcxml/schema/MARC21slim.xsd"
    xmlns="http://www.loc.gov/MARC21/slim">

  <leader>00776nam a2200241 a 4500</leader>
  <controlfield tag="001">BRL_746</controlfield>
  <controlfield tag="005">20190320210858.0</controlfield>
  <controlfield tag="008">011013c1905----gw-#######---#000-0#ger-#</controlfield>
  <datafield tag="041" ind1=" " ind2=" ">
    <subfield code="a">ger</subfield>
  </datafield>
  <datafield tag="044" ind1=" " ind2=" ">
    <subfield code="a">gw</subfield>
  </datafield>
  <datafield tag="050" ind1=" " ind2="4">
    <subfield code="a">ML50.S918</subfield>
    <subfield code="b">.S77 1905</subfield>
  </datafield>
  <datafield tag="100" ind1="1" ind2=" ">
    <subfield code="a">Strauss, Richard</subfield>
    <subfield code="d">1864-1949</subfield>
    <subfield code="9">24818</subfield>
  </datafield>
  <datafield tag="245" ind1="1" ind2="0">
    <subfield code="a">Salome</subfield>
    <subfield code="b">drama in einem Aufzuge nach Oskar Wilde&#xB4;s gleichnamiger Dichtung in deutsch</subfield>
    <subfield code="c">&#xDC;bersetzung von Hedwig Lachmann ; Musik von Richard Strauss</subfield>
  </datafield>
  <datafield tag="260" ind1=" " ind2=" ">
    <subfield code="a">Berlin</subfield>
    <subfield code="b">Adolph F&#xFC;rstner</subfield>
    <subfield code="c">1905</subfield>
  </datafield>
  <datafield tag="300" ind1=" " ind2=" ">
    <subfield code="a">47 p.</subfield>
    <subfield code="c">17 cm.</subfield>
  </datafield>
  <datafield tag="500" ind1=" " ind2=" ">
    <subfield code="a">Au819</subfield>
  </datafield>
  <datafield tag="600" ind1="1" ind2="4">
    <subfield code="a">Salome</subfield>
    <subfield code="c">(Figura biblica)</subfield>
    <subfield code="v">Drama</subfield>
    <subfield code="9">24819</subfield>
  </datafield>
  <datafield tag="650" ind1="1" ind2="4">
    <subfield code="a">Opera</subfield>
    <subfield code="9">23436</subfield>
  </datafield>
  <datafield tag="700" ind1="1" ind2=" ">
    <subfield code="a">Wilde, Oscar</subfield>
    <subfield code="d">1854-1900</subfield>
    <subfield code="t">Salome</subfield>
    <subfield code="e">tr.</subfield>
    <subfield code="9">24820</subfield>
  </datafield>
  <datafield tag="700" ind1="1" ind2=" ">
    <subfield code="a">Lachmann, Hedwig</subfield>
    <subfield code="e">tr.</subfield>
    <subfield code="9">24821</subfield>
  </datafield>
  <datafield tag="902" ind1=" " ind2=" ">
    <subfield code="a">GRL</subfield>
  </datafield>
  <datafield tag="942" ind1=" " ind2=" ">
    <subfield code="2">lcc</subfield>
    <subfield code="c">B</subfield>
  </datafield>
  <datafield tag="999" ind1=" " ind2=" ">
    <subfield code="c">9558</subfield>
    <subfield code="d">9558</subfield>
  </datafield>
  <datafield tag="952" ind1=" " ind2=" ">
    <subfield code="0">0</subfield>
    <subfield code="1">0</subfield>
    <subfield code="4">0</subfield>
    <subfield code="7">0</subfield>
    <subfield code="a">BRL</subfield>
    <subfield code="b">BRL</subfield>
    <subfield code="d">2013-10-01</subfield>
    <subfield code="i">Au819</subfield>
    <subfield code="l">0</subfield>
    <subfield code="o">ML50.S918 .S77 1905 (Au819)</subfield>
    <subfield code="p">GRL00815</subfield>
    <subfield code="r">2019-03-22 00:00:00</subfield>
    <subfield code="w">2019-03-22</subfield>
    <subfield code="y">B</subfield>
  </datafield>
</record>
